000 01542nam a2200217Ia 4500
999 _c28903
_d28903
003 OSt
005 20201226150337.0
008 160316s2010 xxu||||| |||| 00| 0 eng d
020 _a9781138279629
040 _cNLS
082 _a344.041
_bMUL
100 _aMulheron Rachael
245 _aMedical negligence : NOn-patient and third party claims
260 _aAldershot
_bAsghate Publishing
_c2010
300 _a419p
_cxlix
365 _b Rs. 5,565
505 _aTable of Contents: Contents: Preface; Part I: Setting the Context; The book: an overview; Establishing negligence in novel non-patient scenarios; Part II: Actual or Potential Negligence Liability for Physical Injuries to Non-Patients; Injuries to non-patients caused by physically-impaired or mentally-ill patients; Contraction or inheritance of disease by non-patients from patients; 'Bad Samaritan' liability; failing to assist non-patients; 'Good Samaritan' liability: intervening to assist non-patients; Part III: Actual or Potential Negligence Liability for Non-Physical Injuries to Non-Patients: Pure economic loss claims by 3rd parties associated with the patient; Pure psychiatric injury claims by 3rd parties associated with the patient; 'Fear-of-the-future' claims by non-patients; Wrongfully-accused 3rd parties in neglect or abuse cases; Appendix; Bibliography; Index. Author(s); Biography; Reviews.
650 _a1. Medical Personnel - Malpractice - U K 2. Third Parties - Laws - U K
700 _a
_a
942 _2ddc
_cBK